|
|
|
|
| LEADER |
01766nam a2200457 a 4500 |
| 001 |
nkc20122270575 |
| 003 |
CZ PrNK |
| 005 |
20120312124041.0 |
| 007 |
ta |
| 008 |
120203s2011 xr a f 001 0 eng |
| 015 |
|
|
|a cnb002270575
|
| 020 |
|
|
|a 978-80-7454-087-5
|q (brož.)
|
| 035 |
|
|
|a (OCoLC)780139221
|
| 040 |
|
|
|a ABA001
|b cze
|d BOA001
|
| 072 |
|
7 |
|a 005
|x Management. Řízení
|2 Konspekt
|9 4
|
| 080 |
|
|
|a 331.108.23
|2 MRF
|
| 080 |
|
|
|a 005.95/.96
|2 MRF
|
| 080 |
|
|
|a 005.962.131
|2 MRF
|
| 080 |
|
|
|a (048.8:082)
|2 MRF
|
| 245 |
0 |
0 |
|a Human potential management in a company :
|b estimation, workers' estimating : [monography /
|c editing and scientific elaboration] Stanisław Borkowski, Drahomíra Pavelková
|
| 246 |
3 |
0 |
|a Human potential management in a company - estimation - workers' estimating
|
| 260 |
|
|
|a Zlín :
|b Tomas Bata University in Zlín,
|c 2011
|
| 300 |
|
|
|a 104 s. :
|b il. ;
|c 21 cm
|
| 500 |
|
|
|a 200 výt.
|
| 504 |
|
|
|a Obsahuje bibliografie a rejstřík
|
| 650 |
0 |
7 |
|a lidský kapitál
|7 ph122348
|2 czenas
|
| 650 |
0 |
7 |
|a personální management
|7 ph115721
|2 czenas
|
| 650 |
0 |
7 |
|a hodnocení pracovníků
|7 ph319056
|2 czenas
|
| 650 |
0 |
9 |
|a human capital
|2 eczenas
|
| 650 |
0 |
9 |
|a personnel management
|2 eczenas
|
| 650 |
0 |
9 |
|a rating of employees
|2 eczenas
|
| 655 |
|
7 |
|a kolektivní monografie
|7 fd501537
|2 czenas
|
| 655 |
|
9 |
|a collective monographs
|2 eczenas
|
| 700 |
1 |
|
|a Borkowski, Stanisław,
|d 1945-
|7 mzk2007386250
|4 aut
|4 edt
|
| 700 |
1 |
|
|a Pavelková, Drahomíra,
|d 1963-
|7 xx0004599
|4 aut
|4 edt
|
| 910 |
2 |
|
|a BOA001
|b 2-1279.358
|
| 928 |
9 |
|
|a Univerzita Tomáše Bati ve Zlíně
|
| 990 |
|
|
|a BK
|
| 995 |
|
|
|a 01
|
| 991 |
|
|
|b 201202
|c NOV
|e n
|
| 996 |
6 |
|
|b 2610500641
|c 2-1279.358
|l MZK
|r Sklad / do 1 hodiny
|n 1
|p p.v.
|w 001225092
|u 000010
|a 1
|e BOA001
|j MZK50
|s P
|